000 01036cam a2200301 i 4500
001 0000471
003 DO-SdBNP
005 20160929092216.0
007 0000471
008 100514s 2007 sp | |||| 000 f spa
015 _a
017 _a
_b
020 _a9788483462768
035 _a
040 _aBPMSU
_bspa
_cBPMSU
_e
080 _a
100 1 _aSantos, Marisa de los
240 1 0 _aLove walked in
_leng.
245 1 3 _aUn mundo casi perfecto /
_cMarisa De los Santos ; traducción Ignacio Gómez Calvo
260 _aBarcelona:
_bDebols!llo,
_c2007.
300 _a364 p.:
_c19 cm
490 1 _aBestseller
_v668
505 0 _tIntroducción --
_tGlosario y puntos de energía --
_tPiel, cabello y uñas --
_tOjos, oídos, nariz boca y garganta --
_tSistema digestivo y excretor --
_tSistema respiratorio y circulatorio --
_tDolores y molestias --
_tMente y espíritu
_tPrimeros auxilios --
700 1 2 _aGómez Calvo, Ignacio
_etrad.
830 0 _aBestseller
_n668
942 _2ddc
_cBK
956 _aYLOCKWARD
_810
_cBPMSU
999 _c11496
_d11496